| 000 | 00567nam a2200193 i 4500 | ||
|---|---|---|---|
| 001 | 15504 | ||
| 003 | ES-MaACL | ||
| 007 | t| | ||
| 008 | 000327s1863 fr ||||1| fre d | ||
| 080 | _a908(494) | ||
| 080 | _a908(449.93) | ||
| 100 | 1 |
_aLamurée, A. _969877 |
|
| 245 | 1 | 0 |
_aMes vacances en Suisse et en Savoie _b: (Lettres a un ami) / _cpar L'Abbe A. Lamurée. |
| 260 |
_aParis : _bE. Maillet, _c1863. |
||
| 300 |
_a403 p. ; _c22 cm. |
||
| 651 | 4 |
_aSuiza- _xDescripción. _99416 |
|
| 651 | 4 |
_aSaboya- _xDescripción. _99343 |
|
| 852 |
_aES-MaACL _jG-2131 _bR.124511 |
||
| 999 |
_c15504 _d15504 |
||